Jacques Guillaume, La Norvège, un pays prospère aux marges de l’Europe (à compte d’auteur : 64 chemin de la Graousse, 09 000 FOIX, (guillaume-puisegur.aj@orange.fr) 2022, 143 pages (prix non communiqué) (notice n° 1626998)
[ vue normale ]
| 000 -LEADER | |
|---|---|
| fixed length control field | 00628cam a2200145 4500500 |
| 005 - DATE AND TIME OF LATEST TRANSACTION | |
| control field | 20260111093705.0 |
| 041 ## - LANGUAGE CODE | |
| Language code of text/sound track or separate title | fre |
| 042 ## - AUTHENTICATION CODE | |
| Authentication code | dc |
| 100 10 - MAIN ENTRY--PERSONAL NAME | |
| Personal name | Miossec, Alain |
| Relator term | author |
| 245 00 - TITLE STATEMENT | |
| Title | Jacques Guillaume, La Norvège, un pays prospère aux marges de l’Europe (à compte d’auteur : 64 chemin de la Graousse, 09 000 FOIX, (guillaume-puisegur.aj@orange.fr) 2022, 143 pages (prix non communiqué) |
| 260 ## - PUBLICATION, DISTRIBUTION, ETC. | |
| Date of publication, distribution, etc. | 2023.<br/> |
| 500 ## - GENERAL NOTE | |
| General note | 70 |
| 786 0# - DATA SOURCE ENTRY | |
| Note | La Géographie | 1590 | 3 | 2023-09-01 | p. 54h-60h | 1964-9002 |
| 856 41 - ELECTRONIC LOCATION AND ACCESS | |
| Uniform Resource Identifier | <a href="https://shs.cairn.info/revue-la-geographie-2023-3-page-54h?lang=fr&redirect-ssocas=7080">https://shs.cairn.info/revue-la-geographie-2023-3-page-54h?lang=fr&redirect-ssocas=7080</a> |
Pas d'exemplaire disponible.




Réseaux sociaux